Teman a los vivos: homenaje al Sanatorio Durán
Gardado en:
| Autor Principal: | |
|---|---|
| Formato: | Libro |
| Idioma: | Undetermined |
| Publicado: |
San José, Costa Rica
ClubdeLibros
2017
|
| Materias: | |
| Etiquetas: |
Engadir etiqueta
Sen Etiquetas, Sexa o primeiro en etiquetar este rexistro!
|
MARC
| LEADER | 00000nam a2200000Ia 4500 | ||
|---|---|---|---|
| 008 | 170316s9999 xx 000 0 und d | ||
| 999 | |c 30751 |d 30751 | ||
| 020 | |a 978-9930-543-184 | ||
| 040 | |a cru BVZT | ||
| 090 | |a 868 N-3.1t | ||
| 100 | |a Núñez, Pedro | ||
| 245 | |a Teman a los vivos: homenaje al Sanatorio Durán |c Pedro Núñez, Tatiana Lobo , Patricia Araya, Óscar Brenes, Adriana Hidalgo, Roberto Saravia, Ana Elena Baltodano, Pablo Delgado, Karla Vásquez, Evelyn Ugalde, Humberto Jiménez, Ricardo Chinchilla Arley, Manuel Delgado, Juan Carlos Saravia, Miriam Brenes, Vanessa Alvarado, Rafael Ángel Herra, Guillermo Fernández, Daniel Garro Sánchez | ||
| 260 | |a San José, Costa Rica |b ClubdeLibros |c 2017 | ||
| 300 | |a 178 páginas | ||
| 650 | |a LITERATURA COSTARRICENSE |9 17 | ||
| 650 | 0 | |a RELATO |9 283 | |
| 942 | 0 | 0 | |2 z |c 15 D |



